Connectem els municipis amb Europa
Descripción Física:
1 tríptic ; color ; 15 x 21 cm
Materias:
Barcelona (Catalunya : Província). -- Diputació -- Direcció i administració
; Municipis -- Govern i administració -- Europa
; Administració local -- Europa
Idioma:
Catalán
MARC
| LEADER | 00000nam a22000007a 4500 | ||
|---|---|---|---|
| 001 | 27975 | ||
| 003 | Arxiu | ||
| 005 | 20260324181518.0 | ||
| 008 | 230606b spa||||| |||| 00| 0 cat d | ||
| 017 | |a B 16112-2018 | ||
| 040 | |a agdb |b cat | ||
| 041 | |a cat | ||
| 240 | |a Connectem els municipis amb Europa |l [català] | ||
| 245 | |a Connectem els municipis amb Europa | ||
| 260 | |a Barcelona : |b Diputació de Barcelona ; |c 2018 | ||
| 300 | |a 1 tríptic ; |b color ; |c 15 x 21 cm | ||
| 546 | |a També en anglès (R. 27982) | ||
| 610 | 0 | |9 53192 |a Barcelona (Catalunya : Província). |b Diputació |x Direcció i administració | |
| 650 | 0 | |9 5832 |a Municipis |x Govern i administració |z Europa | |
| 650 | 0 | |2 Arxiu |9 39237 |a Administració local |x Europa | |
| 710 | |a Barcelona (Catalunya : Província). |b Direcció de Relacions Internacionals |9 51072 | ||
| 942 | |2 udc |c ARXIU |n 1 | ||
| 952 | |0 0 |1 0 |2 udc |4 0 |6 FU767 |7 1 |9 66453 |a Arxiu |b Arxiu |d 2023-06-06 |l 0 |o FU-76-7 |p 27975 |r 2023-06-06 00:00:00 |w 2023-06-06 |y ARXIU | ||
| 999 | |c 83788 |d 83788 | ||